| 000 | 00447cam a2200181ua 4500 | ||
|---|---|---|---|
| 020 | _c12.50 | ||
| 041 |
_ahin _h |
||
| 082 |
_a891.54 _bNAG/SH |
||
| 100 | _aNagendra, . | ||
| 245 |
_aBharatiya kavyashastr ki bhumika / _cNagendra. _hTextual Documents |
||
| 250 |
_a2 / _b. |
||
| 260 |
_aNew Delhi : _bNational Publishing House , _c1963. |
||
| 300 | _a349 ; . | ||
| 365 | _a12.50 | ||
| 504 | _a | ||
| 942 | _cBK | ||
| 999 |
_c8192 _d8192 |
||